Normal view
MARC view
- Nungaray González, Patricia
Entry Nombre Personal
001 - NUMERO DE CONTROL
- campo de control: 48832
003 - IDENTIFICADOR DE NUMERO DE CONTROL
- campo de control: UPN
005 - FECHA Y HORA DE LA ÜLTIMA TRANSACCIÓN
- campo de control: 20230509133026.0
008 - DATOS DE LONGITUD FIJA
- campo de control de longitud fija: 230509nn acnnnaabn a aaa d
040 ## - FUENTE DE CATALOGACIÓN
- Agencia original de catalogación: UPN
100 1# - ENCABEZAMIENTO - NOMBRE PERSONAL
- Nombre personal: Nungaray González, Patricia
400 1# - VEÁSE - NOMBRE DE PERSONA
- Personal name: González, Patricia Nungaray
670 ## - FUENTE EN LA QUE SE LOCALIZARON DATOS
- Cita de la fuente: Baja California, 2012
- Información localizada: reverso de la portada (Patricia Nungaray González)
902 ## - CATALOGADOR
- Catalogador: VíctorGodínez/090523
